[Event "Jiraskuv memorial A"]
[Site "Rakovnik"]
[Date "2012.08.06"]
[Round "4"]
[White "Hinz, Frantisek"]
[Black "Sibl, Vaclav"]
[Result "1/2-1/2"]
[WhiteElo "1902"]
[BlackElo "1961"]
[Annotator "Lev,Pavel"]
[PlyCount "159"]
[EventDate "2012.08.??"]
[EventType "swiss"]
[EventRounds "9"]
[EventCountry "CZE"]

1. d4 d6 2. Nf3 Bg4 3. e4 Nf6 4. Bd3 c6 5. O-O e6 6. Be3 d5 7. Nbd2 Be7 8. c3
O-O 9. Qc2 dxe4 10. Nxe4 Nbd7 11. Nxf6+ Nxf6 12. Ne5 Bh5 13. h3 Bg6 14. Nxg6
hxg6 15. b4 Nd5 16. Bd2 b5 17. a3 a6 18. Rae1 Bf6 19. f4 Re8 20. Re4 a5 21. g4
axb4 22. axb4 Ra4 23. g5 Be7 24. h4 Qa8 25. h5 Ra2 26. Qd1 gxh5 27. Bb1 Ra1 28.
Qxh5 g6 29. Qh3 Bf8 30. Re2 Bg7 31. Rh2 Kf8 32. Qd3 Ra3 33. Qc2 c5 34. bxc5 b4
35. Rh7 Nxc3 36. Bxc3 Rxc3 37. Qf2 Qd5 38. Rd1 Rd8 39. Ba2 b3 40. Rxg7 Kxg7 41.
Bb1 Rxc5 42. Qe2 Rc4 43. Be4 Rc2 44. Bxc2 bxc2 45. Qxc2 Rh8 46. Qg2 Qf5 47. Rf1
Rh4 48. Rf3 Rg4 49. Rg3 Rxf4 50. Qd2 Qb1+ 51. Kh2 Qf1 52. Rg2 Rf5 53. Qe3 Qf4+
54. Qxf4 Rxf4 55. Rd2 Rg4 56. d5 exd5 57. Rxd5 Rf4 58. Rd3 Rf5 59. Rg3 Kf8 60.
Kh3 Ke7 61. Re3+ Kd6 62. Kg4 Re5 63. Rf3 Ke6 64. Rf6+ Ke7 65. Ra6 Re4+ 66. Kg3
Rd4 67. Rb6 Rd6 68. Rb4 Ke6 69. Re4+ Kf5 70. Rf4+ Kxg5 71. Rxf7 Rd3+ 72. Kg2
Kg4 73. Ra7 Rd2+ 74. Kg1 g5 75. Ra4+ Kg3 76. Ra3+ Kh4 77. Ra8 g4 78. Ra3 Re2
79. Rb3 g3 80. Rb8 1/2-1/2

[Event "Jiraskuv memorial A"]
[Site "Rakovnik"]
[Date "2012.08.06"]
[Round "4"]
[White "Trnka, Miroslav"]
[Black "Cap, Adam"]
[Result "1/2-1/2"]
[WhiteElo "2012"]
[BlackElo "2074"]
[Annotator "Lev,Pavel"]
[PlyCount "150"]
[EventDate "2012.08.??"]
[EventType "swiss"]
[EventRounds "9"]
[EventCountry "CZE"]

1. d4 Nf6 2. c4 g6 3. Nc3 Bg7 4. e4 d6 5. Nf3 O-O 6. g3 e5 7. Bg2 Nc6 8. O-O
Bg4 9. d5 Nd4 10. Qd3 Re8 11. Nxd4 exd4 12. Nb5 Nd7 13. f3 Nc5 14. Qd1 Bd7 15.
Nxd4 a5 16. Rb1 f5 17. exf5 Qf6 18. Ne6 Qxf5 19. Nxg7 Qxb1 20. Nxe8 Rxe8 21.
Qd4 Qd3 22. Qf6 Qf5 23. Qc3 Qd3 24. Bd2 Bf5 25. Rd1 b6 26. Bf1 Qc2 27. Qxc2
Bxc2 28. Rc1 Bd3 29. Re1 Rxe1 30. Bxe1 Bb1 31. a3 a4 32. Bc3 Kf7 33. Kf2 Bc2
34. Ke3 Bd1 35. Bh3 Bb3 36. Bf1 Bd1 37. h4 Bc2 38. g4 Bd1 39. Bd4 Nb3 40. Bc3
Nc5 41. Bg2 Bc2 42. Bh3 Bd3 43. Kd4 Be2 44. f4 Nb3+ 45. Ke4 Bxc4 46. f5 gxf5+
47. gxf5 Nc5+ 48. Kd4 Be2 49. Ke3 Bd1 50. Bg2 h6 51. Bf1 Bc2 52. Bh3 Nd3 53.
Kd2 Bb1 54. Bf1 Nf4 55. Bb5 Nxd5 56. Bd4 Bxf5 57. Bxa4 c5 58. Bg1 Ke7 59. Bc6
Nc7 60. Be3 h5 61. Bg5+ Kf7 62. Bd8 Ne6 63. Bxb6 Nd4 64. Bg2 Ke6 65. a4 d5 66.
a5 Kd6 67. a6 Bc8 68. a7 Bb7 69. b4 Kc6 70. bxc5 Nb3+ 71. Kc3 Nxc5 72. Bd8 Ne6
73. Bf6 Kb6 74. Bd4+ Nxd4 75. Kxd4 Kxa7 1/2-1/2

[Event "Jiraskuv memorial A"]
[Site "Rakovnik"]
[Date "2012.08.07"]
[Round "5"]
[White "Wasserbauer, Radek"]
[Black "Novak, Jindrich"]
[Result "1-0"]
[WhiteElo "2199"]
[BlackElo "2041"]
[Annotator "Lev,Pavel"]
[PlyCount "119"]
[EventDate "2012.08.??"]
[EventType "swiss"]
[EventRounds "9"]
[EventCountry "CZE"]

1. e4 e5 2. Nf3 Nc6 3. Bc4 Be7 4. d4 d6 5. dxe5 Nxe5 6. Nxe5 dxe5 7. Qe2 Nf6 8.
O-O Qd4 9. Be3 Qxe4 10. Nc3 Qg6 11. Nb5 O-O 12. Nxc7 Bh3 13. Qf3 Bg4 14. Qg3
Rac8 15. Qxe5 Bh3 16. g3 Bxf1 17. Bxf1 Bd8 18. Nd5 Re8 19. Qd4 Nxd5 20. Qxd5
Bb6 21. Bd3 Qe6 22. Qxe6 Rxe6 23. Bf5 Bxe3 24. fxe3 Kf8 25. Bxe6 fxe6 26. Rf1+
Ke7 27. Rf2 Rd8 28. a4 Rd1+ 29. Kg2 Re1 30. Kf3 Ra1 31. b3 Rd1 32. Ke2 Rd8 33.
Rf4 Rd5 34. Rc4 Rd7 35. Rd4 Rc7 36. Kd3 Kf6 37. c4 Ke5 38. a5 Rf7 39. Rf4 Rd7+
40. Rd4 Rc7 41. b4 a6 42. c5 g5 43. Rd6 h5 44. Kc4 Re7 45. b5 axb5+ 46. Kxb5
Ke4 47. a6 bxa6+ 48. Kxa6 e5 49. c6 Kxe3 50. Rd7 Re6 51. Kb5 Re8 52. c7 Rc8 53.
Kc6 Kf3 54. Rd8 Rxc7+ 55. Kxc7 e4 56. Rg8 g4 57. Rg5 e3 58. Rxh5 e2 59. Re5 Kf2
60. Kd6 1-0

[Event "Jiraskuv memorial A"]
[Site "Rakovnik"]
[Date "2012.08.07"]
[Round "5"]
[White "Lavrincik, Pavel"]
[Black "Cozl, David"]
[Result "0-1"]
[WhiteElo "1898"]
[BlackElo "2044"]
[Annotator "Lev,Pavel"]
[PlyCount "56"]
[EventDate "2012.08.??"]
[EventType "swiss"]
[EventRounds "9"]
[EventCountry "CZE"]

1. c4 e5 2. Nc3 Nf6 3. e4 Bc5 4. Nf3 d6 5. Be2 Nc6 6. d3 Bg4 7. Bg5 Qd7 8. Bxf6
gxf6 9. Nd5 Qd8 10. Qd2 Be6 11. Nc3 h6 12. Rf1 Qd7 13. O-O-O a6 14. Nd5 Bxd5
15. exd5 Nd4 16. Nxd4 Bxd4 17. f4 Qa4 18. Kb1 b5 19. Qc2 Qa5 20. fxe5 fxe5 21.
Bh5 O-O 22. Qe2 f5 23. Rxf5 Rxf5 24. Qg4+ Rg5 25. Qe6+ Kh7 26. Rf1 Rg7 27. Rf6
Qe1+ 28. Kc2 Rxg2+ 0-1

[Event "Jiraskuv memorial A"]
[Site "Rakovnik"]
[Date "2012.08.07"]
[Round "5"]
[White "Hajsman, Ladislav"]
[Black "Misicko, Jan"]
[Result "1/2-1/2"]
[WhiteElo "1767"]
[BlackElo "2045"]
[Annotator "Lev,Pavel"]
[PlyCount "57"]
[EventDate "2012.08.??"]
[EventType "swiss"]
[EventRounds "9"]
[EventCountry "CZE"]

1. d4 Nf6 2. c4 e6 3. Nc3 Bb4 4. a3 Bxc3+ 5. bxc3 d5 6. Bg5 h6 7. Bh4 Nbd7 8.
e3 O-O 9. Nf3 c6 10. Bd3 Qa5 11. Qb3 dxc4 12. Bxc4 Nd5 13. Rc1 N7b6 14. Bxd5
exd5 15. O-O Nc4 16. Qb4 Qxb4 17. axb4 Re8 18. Bg3 f6 19. Rc2 Bg4 20. Nd2 Na3
21. Ra2 Nb5 22. Rc1 Re7 23. h3 Be6 24. Nb3 b6 25. Kf1 Bf5 26. Ke2 a5 27. bxa5
Rea7 28. Kd2 bxa5 29. Ra4 1/2-1/2

[Event "Jiraskuv memorial A"]
[Site "Rakovnik"]
[Date "2012.08.07"]
[Round "5"]
[White "Hadzala, Daniel"]
[Black "Trnka, Miroslav"]
[Result "1-0"]
[WhiteElo "2127"]
[BlackElo "2012"]
[Annotator "Lev,Pavel"]
[PlyCount "71"]
[EventDate "2012.08.??"]
[EventType "swiss"]
[EventRounds "9"]
[EventCountry "CZE"]

1. c4 g6 2. Nc3 Bg7 3. d4 d6 4. e4 Nf6 5. f4 O-O 6. Nf3 c5 7. d5 Na6 8. Be2 Nc7
9. O-O a6 10. Qc2 Rb8 11. a4 Bd7 12. a5 b5 13. axb6 Rxb6 14. Bd3 Qb8 15. e5
Nfe8 16. f5 dxe5 17. Ne4 Bxf5 18. Nxc5 Bc8 19. Na4 Rb3 20. c5 Rb4 21. Bc4 a5
22. Rd1 Ba6 23. b3 Bxc4 24. bxc4 Na6 25. Ba3 Qc7 26. Bxb4 axb4 27. c6 e4 28.
Nd4 Nd6 29. c5 Nf5 30. Nxf5 gxf5 31. Qc4 Bxa1 32. Rxa1 Qe5 33. Rd1 Nc7 34. d6
exd6 35. cxd6 Ne6 36. c7 1-0

[Event "Jiraskuv memorial A"]
[Site "Rakovnik"]
[Date "2012.08.07"]
[Round "5"]
[White "Tejkal, Jiri"]
[Black "Haman, Jakub"]
[Result "0-1"]
[WhiteElo "1929"]
[BlackElo "2137"]
[Annotator "Lev,Pavel"]
[PlyCount "86"]
[EventDate "2012.08.??"]
[EventType "swiss"]
[EventRounds "9"]
[EventCountry "CZE"]

1. d4 Nf6 2. Nf3 g6 3. c4 Bg7 4. Nc3 d6 5. e4 Bg4 6. Be2 O-O 7. O-O Nfd7 8. Be3
c5 9. d5 Na6 10. Nd2 Bxe2 11. Qxe2 Rb8 12. Rab1 Qc8 13. Nb5 Ra8 14. a3 Nc7 15.
f4 Nf6 16. Kh1 Nxb5 17. cxb5 e6 18. Qd3 exd5 19. exd5 Qf5 20. Qxf5 gxf5 21. Nc4
Rad8 22. Rfd1 Rfe8 23. g3 Ne4 24. Rd3 h5 25. Kg2 Kh7 26. a4 Rg8 27. Bf2 Rc8 28.
Kf3 Bf6 29. Rg1 Rce8 30. Be3 Rg6 31. Rdd1 Bh8 32. Rb1 Reg8 33. b3 Nc3 34. Rbe1
Rd8 35. Ref1 Nxd5 36. Rg2 Nc3 37. Rd2 d5 38. Na5 Ne4 39. Rc2 Rd7 40. Rd1 Bc3
41. b4 Bxb4 42. Nc4 Bc3 43. Rxc3 Nxc3 0-1

[Event "Jiraskuv memorial A"]
[Site "Rakovnik"]
[Date "2012.08.07"]
[Round "5"]
[White "Cap, Adam"]
[Black "Kovar, Jan"]
[Result "1-0"]
[WhiteElo "2074"]
[BlackElo "2028"]
[Annotator "Lev,Pavel"]
[PlyCount "99"]
[EventDate "2012.08.??"]
[EventType "swiss"]
[EventRounds "9"]
[EventCountry "CZE"]

1. e4 g6 2. d4 Bg7 3. Nf3 d6 4. Nc3 Nf6 5. Be3 O-O 6. Qd2 Nbd7 7. Bh6 e5 8.
Bxg7 Kxg7 9. O-O-O exd4 10. Nxd4 Nc5 11. f3 Be6 12. h4 h5 13. Nxe6+ fxe6 14. e5
dxe5 15. Qe3 Ncd7 16. Bc4 Qe7 17. Nb5 Nd5 18. Bxd5 exd5 19. Nxc7 d4 20. Qg5
Qxg5+ 21. hxg5 Kf7 22. Nxa8 Rxa8 23. f4 Rd8 24. Rhe1 Re8 25. c3 exf4 26. Rxe8
Kxe8 27. Rxd4 Nc5 28. Kc2 Ne6 29. Rb4 b6 30. Kd3 Kf7 31. Ke2 Ke7 32. Kf3 Kd6
33. Rc4 Ke5 34. Rc8 Nxg5+ 35. Ke2 Ne4 36. Ra8 g5 37. Rxa7 g4 38. Rb7 Ng3+ 39.
Kf2 Ne4+ 40. Kg1 f3 41. gxf3 gxf3 42. Rf7 Ng5 43. Rf8 h4 44. Rh8 Kf4 45. Rxh4+
Ke3 46. Rh8 Ne4 47. Re8 b5 48. b3 Kd3 49. Rxe4 Kxe4 50. a4 1-0

[Event "Jiraskuv memorial A"]
[Site "Rakovnik"]
[Date "2012.08.07"]
[Round "5"]
[White "Kozlovsky, Libor"]
[Black "Rous, Daniel"]
[Result "0-1"]
[WhiteElo "2015"]
[BlackElo "1981"]
[Annotator "Lev,Pavel"]
[PlyCount "102"]
[EventDate "2012.08.??"]
[EventType "swiss"]
[EventRounds "9"]
[EventCountry "CZE"]

1. d4 Nf6 2. Nc3 d5 3. e4 Nxe4 4. Nxe4 dxe4 5. f3 g6 6. fxe4 Bg7 7. c3 O-O 8.
Nf3 c5 9. Be3 cxd4 10. cxd4 Nc6 11. Qd2 Bg4 12. d5 Ne5 13. Be2 Bxf3 14. gxf3 e6
15. f4 Ng4 16. Bxg4 Qh4+ 17. Qf2 Qxg4 18. Rg1 Qh3 19. Rg3 Qh4 20. O-O-O Rac8+
21. Kb1 exd5 22. Rxd5 Qe7 23. e5 Rfd8 24. Rxd8+ Qxd8 25. Qd2 Qxd2 26. Bxd2 Kf8
27. Bc3 Rc4 28. Rf3 Re4 29. Kc2 Re2+ 30. Kd3 Rxh2 31. Ke4 Ke7 32. Bd4 Rc2 33.
Rb3 b6 34. Bc3 Ke6 35. Ra3 Bf8 36. Rxa7 Bc5 37. Kd3 Rf2 38. Bd2 Rf3+ 39. Ke2
Rf2+ 40. Ke1 h5 41. Rc7 Rg2 42. Rc6+ Kd5 43. Rc8 Ke4 44. b4 Bd4 45. Bc3 Rc2 46.
Bxd4 Rxc8 47. Bxb6 Ra8 48. Bc7 Rxa2 49. b5 Rb2 50. b6 h4 51. Kf1 Kf3 0-1

[Event "Jiraskuv memorial A"]
[Site "Rakovnik"]
[Date "2012.08.07"]
[Round "5"]
[White "Hansch, Stephan"]
[Black "Masek, Jan"]
[Result "1-0"]
[WhiteElo "1920"]
[BlackElo "1949"]
[Annotator "Lev,Pavel"]
[PlyCount "105"]
[EventDate "2012.08.??"]
[EventType "swiss"]
[EventRounds "9"]
[EventCountry "CZE"]

1. d4 Nf6 2. c4 c5 3. d5 b5 4. cxb5 a6 5. bxa6 e6 6. Nc3 Nxd5 7. Nxd5 exd5 8.
Qxd5 Nc6 9. Nf3 Be7 10. Ne5 O-O 11. Nxc6 dxc6 12. Qxd8 Rxd8 13. e4 Bf6 14. f3
Be6 15. Kf2 Rd1 16. f4 Bd4+ 17. Kf3 Bc4 18. Bxc4 Rxh1 19. h3 Kf8 20. a3 f6 21.
Bd3 h6 22. Rb1 Rb8 23. b4 cxb4 24. axb4 Ba7 25. f5 Ke8 26. b5 cxb5 27. Bxb5+
Kd8 28. Ke2 Rg1 29. Kd2 Rxg2+ 30. Kd1 Rg1+ 31. Kc2 Rc8+ 32. Kd2 Rb8 33. Kc2
Rc8+ 34. Kd2 Rgxc1 35. Rxc1 Be3+ 36. Kxe3 Rxc1 37. Kd4 Kc7 38. Kd5 Kb6 39. Be2
Re1 40. Bg4 Rc1 41. Ke6 Kxa6 42. Kf7 Rc7+ 43. Kg8 Kb6 44. Bh5 Kc5 45. Bf7 Kd6
46. Kxg7 Ke5 47. Kg6 Rc3 48. h4 Rh3 49. h5 Kxe4 50. Kxf6 Rg3 51. Bg6 Kf4 52.
Kg7 Kg5 53. f6 1-0

[Event "Jiraskuv memorial A"]
[Site "Rakovnik"]
[Date "2012.08.07"]
[Round "5"]
[White "Novy, Daniel"]
[Black "Hinz, Frantisek"]
[Result "1-0"]
[WhiteElo "1991"]
[BlackElo "1902"]
[Annotator "Lev,Pavel"]
[PlyCount "67"]
[EventDate "2012.08.??"]
[EventType "swiss"]
[EventRounds "9"]
[EventCountry "CZE"]

1. e4 c5 2. Nf3 d6 3. d4 cxd4 4. Nxd4 Nf6 5. Nc3 a6 6. Be2 e6 7. O-O Be7 8. Be3
Qc7 9. f4 Nc6 10. Qd2 Bd7 11. Kh1 b5 12. a3 O-O 13. Rad1 Rac8 14. Bd3 Qb7 15.
Nf3 b4 16. axb4 Nxb4 17. e5 Ne8 18. Be2 d5 19. Nd4 Nc6 20. Rb1 Na5 21. f5 exf5
22. Nxf5 Bb4 23. Qxd5 Bc6 24. Qd1 Bxg2+ 25. Kg1 Nc4 26. Bf3 Bxf3 27. Rxf3 Nxe5
28. Rg3 Ng6 29. Ne2 Qe4 30. Ned4 Nd6 31. Qh5 Nxf5 32. Nxf5 Bc5 33. Bxc5 Rxc5
34. Nh6+ 1-0

[Event "Jiraskuv memorial A"]
[Site "Rakovnik"]
[Date "2012.08.07"]
[Round "5"]
[White "Dungl, Petr"]
[Black "Maeder, Juergen"]
[Result "1/2-1/2"]
[WhiteElo "1861"]
[BlackElo "1895"]
[Annotator "Lev,Pavel"]
[PlyCount "81"]
[EventDate "2012.08.??"]
[EventType "swiss"]
[EventRounds "9"]
[EventCountry "CZE"]

1. d4 d5 2. Nf3 Nf6 3. c4 c6 4. cxd5 cxd5 5. Nc3 e6 6. Bf4 Bd6 7. Bg5 O-O 8. e3
Nbd7 9. Be2 a6 10. O-O h6 11. Bh4 Qa5 12. Rc1 b5 13. a3 Bb7 14. Nd2 b4 15. Nb3
Qd8 16. axb4 Bxb4 17. Na4 Rc8 18. Nbc5 Nxc5 19. Nxc5 Bxc5 20. Rxc5 Rxc5 21.
dxc5 g5 22. Bg3 Ne4 23. Qd4 f6 24. b4 e5 25. Qa1 Qd7 26. f3 Nxg3 27. hxg3 Qc6
28. g4 Kg7 29. Kf2 Qe6 30. Rb1 Ra8 31. Qa5 Qc6 32. Qa3 Rc8 33. Qc3 Rc7 34. Ra1
Rc8 35. Bd1 Ra8 36. Ba4 Qc7 37. c6 Rd8 38. Qc5 Bc8 39. b5 axb5 40. Bxb5 Kg8 41.
Ra7 1/2-1/2

[Event "Jiraskuv memorial A"]
[Site "Rakovnik"]
[Date "2012.08.07"]
[Round "5"]
[White "Nemec, David"]
[Black "Horyna, Josef"]
[Result "1-0"]
[WhiteElo "2017"]
[BlackElo "1878"]
[Annotator "Lev,Pavel"]
[PlyCount "117"]
[EventDate "2012.08.??"]
[EventType "swiss"]
[EventRounds "9"]
[EventCountry "CZE"]

1. c4 Nf6 2. d4 g6 3. Nc3 Bg7 4. g3 O-O 5. Bg2 c6 6. e4 d6 7. Nge2 e5 8. O-O
Be6 9. d5 cxd5 10. cxd5 Bg4 11. Be3 Qd7 12. Rc1 Bxe2 13. Qxe2 Na6 14. Nb5 Rfc8
15. Rxc8+ Rxc8 16. Nxa7 Ra8 17. Nb5 Nc5 18. Bxc5 dxc5 19. a3 Ra5 20. Nc3 Ne8
21. Rc1 b6 22. h4 h5 23. Kh2 Nd6 24. Bh3 Qe7 25. Rc2 Qa7 26. Nb1 Qe7 27. Nd2
Ra4 28. f3 g5 29. hxg5 Qxg5 30. Nf1 h4 31. gxh4 Qxh4 32. Qg2 Qf4+ 33. Qg3 Qxg3+
34. Nxg3 Rc4 35. Rg2 Kf8 36. Nf5 Nxf5 37. Bxf5 Bh6 38. d6 Rd4 39. d7 Bf4+ 40.
Kh3 Ke7 41. Rg8 Rxd7 42. Bxd7 Kxd7 43. b3 b5 44. Rb8 Kc6 45. Rc8+ Kd6 46. Kg2
Bc1 47. a4 bxa4 48. bxa4 Be3 49. Kf1 Kd7 50. Rg8 c4 51. Ke2 Bd4 52. Rf8 Kc7 53.
Rxf7+ Kb6 54. Rf8 Ka5 55. Rc8 Kb4 56. Kd2 c3+ 57. Kd3 Kxa4 58. f4 Kb4 59. f5
1-0

[Event "Jiraskuv memorial A"]
[Site "Rakovnik"]
[Date "2012.08.07"]
[Round "5"]
[White "Sibl, Vaclav"]
[Black "Volek, Stanislav"]
[Result "1-0"]
[WhiteElo "1961"]
[BlackElo "1861"]
[Annotator "Lev,Pavel"]
[PlyCount "21"]
[EventDate "2012.08.??"]
[EventType "swiss"]
[EventRounds "9"]
[EventCountry "CZE"]

1. d4 e6 2. Bf4 Nf6 3. e3 d5 4. Nf3 Bd6 5. Ne5 Nbd7 6. Bd3 O-O 7. c3 b6 8. Nd2
Bb7 9. Qb3 h6 10. h4 Nxe5 11. dxe5 1-0

[Event "Jiraskuv memorial A"]
[Site "Rakovnik"]
[Date "2012.08.07"]
[Round "5"]
[White "Hansch, Karsten"]
[Black "Kotrba, Matej"]
[Result "1-0"]
[WhiteElo "2019"]
[BlackElo "1961"]
[Annotator "Lev,Pavel"]
[PlyCount "47"]
[EventDate "2012.08.??"]
[EventType "swiss"]
[EventRounds "9"]
[EventCountry "CZE"]

1. c4 Nf6 2. g3 c6 3. Bg2 d5 4. Nf3 Bg4 5. Ne5 Nbd7 6. Nxg4 Nxg4 7. cxd5 cxd5
8. Bxd5 Qb6 9. O-O h5 10. Qb3 Qxb3 11. axb3 Nc5 12. b4 e6 13. bxc5 exd5 14. d4
a6 15. Nc3 O-O-O 16. b4 h4 17. f3 Nf6 18. g4 Ne8 19. Bf4 Be7 20. Na4 Kd7 21. e4
Nf6 22. Nb6+ Ke8 23. Bc7 dxe4 24. Bxd8 1-0

[Event "Jiraskuv memorial A"]
[Site "Rakovnik"]
[Date "2012.08.08"]
[Round "6"]
[White "Volek, Stanislav"]
[Black "Kozlovsky, Libor"]
[Result "0-1"]
[WhiteElo "1861"]
[BlackElo "2015"]
[Annotator "Lev,Pavel"]
[PlyCount "106"]
[EventDate "2012.08.??"]
[EventType "swiss"]
[EventRounds "9"]
[EventCountry "CZE"]

1. d4 Nf6 2. Nf3 g6 3. c3 d5 4. Bg5 Bg7 5. e3 h6 6. Bxf6 Bxf6 7. Bd3 Bg7 8.
Nbd2 Nd7 9. Qc2 O-O 10. O-O c5 11. e4 cxd4 12. cxd4 dxe4 13. Nxe4 Nf6 14. Rfd1
Nd5 15. a3 Bg4 16. Be2 Bf5 17. Nh4 Rc8 18. Qd3 Nf4 19. Qe3 Nxe2+ 20. Qxe2 Be6
21. Nc3 Bb3 22. Rd2 e6 23. Nf3 Qb6 24. Re1 Rfd8 25. Qe4 Bd5 26. Nxd5 Rxd5 27.
Red1 Rcd8 28. Qe3 Qc7 29. g3 Qd7 30. Kg2 Kh7 31. h4 h5 32. Ng5+ Kg8 33. Nf3 Qd6
34. Kh3 Qf8 35. Ne5 Qd6 36. f4 Bxe5 37. fxe5 Qd7 38. Qf4 f5 39. Qg5 Qg7 40. Kg2
R8d7 41. Kh3 Kh7 42. Qf4 Qe7 43. Rc2 Qd8 44. Rcd2 Qb6 45. Qe3 a5 46. a4 Qb4 47.
b3 Rc7 48. Rd3 Rd8 49. Rc1 Rdc8 50. Rxc7+ Rxc7 51. Qg5 Qe1 52. Qd2 Qf1+ 53. Kh2
Rc1 0-1

[Event "Jiraskuv memorial A"]
[Site "Rakovnik"]
[Date "2012.08.08"]
[Round "6"]
[White "Hinz, Frantisek"]
[Black "Lavrincik, Pavel"]
[Result "1-0"]
[WhiteElo "1902"]
[BlackElo "1898"]
[Annotator "Lev,Pavel"]
[PlyCount "73"]
[EventDate "2012.08.??"]
[EventType "swiss"]
[EventRounds "9"]
[EventCountry "CZE"]

1. d4 d6 2. Nf3 Nf6 3. c4 Nbd7 4. Nc3 e5 5. e3 g6 6. Qc2 Bg7 7. Be2 O-O 8. O-O
Ne8 9. dxe5 Nxe5 10. Nd4 f5 11. b3 Nf6 12. Bb2 Nc6 13. Bf3 Ne5 14. Rad1 Nxf3+
15. Nxf3 b6 16. Nd4 Qd7 17. Nde2 Bb7 18. Nd5 Rae8 19. Nef4 Qd8 20. b4 a5 21.
bxa5 bxa5 22. Bc3 c6 23. Nxf6+ Bxf6 24. Bxf6 Qxf6 25. Qd2 Ba6 26. Qxa5 Bxc4 27.
Rfe1 d5 28. Ra1 Qd6 29. a4 d4 30. Qd2 d3 31. Qc3 Ba6 32. Red1 Rd8 33. Qb3+ Kh8
34. Ne6 Qe5 35. Nxf8 Rxf8 36. Qb6 Bc4 37. Qb4 1-0

[Event "Jiraskuv memorial A"]
[Site "Rakovnik"]
[Date "2012.08.08"]
[Round "6"]
[White "Dungl, Petr"]
[Black "Nemec, David"]
[Result "1/2-1/2"]
[WhiteElo "1861"]
[BlackElo "2017"]
[Annotator "Lev,Pavel"]
[PlyCount "92"]
[EventDate "2012.08.??"]
[EventType "swiss"]
[EventRounds "9"]
[EventCountry "CZE"]

1. d4 Nf6 2. Nf3 g6 3. c4 Bg7 4. Nc3 O-O 5. Bg5 d6 6. e3 h6 7. Bh4 Nbd7 8. Qc2
b6 9. Be2 Bb7 10. O-O c6 11. Rfd1 Qc7 12. h3 Rac8 13. Bg3 Nh5 14. Bh2 e5 15.
dxe5 dxe5 16. Ne4 Nhf6 17. Nd6 Rb8 18. Nxb7 Rxb7 19. Rac1 Re8 20. b4 Rbb8 21.
Nd2 Rbc8 22. c5 bxc5 23. bxc5 Nd5 24. Nb3 a5 25. Bc4 N7f6 26. Qd2 a4 27. Bxd5
Nxd5 28. Nd4 Red8 29. Qc2 Qa5 30. Ne2 a3 31. e4 Nc7 32. Rd6 Ne6 33. Qc4 Kh7 34.
g4 Bf8 35. Rxd8 Rxd8 36. Bxe5 Bxc5 37. Nf4 Qd2 38. Rf1 Qb4 39. Qxb4 Bxb4 40.
Nxe6 fxe6 41. Rc1 c5 42. Rc2 Rd3 43. Kg2 Kg8 44. Bf4 h5 45. gxh5 gxh5 46. Be3
Kh7 1/2-1/2

[Event "Jiraskuv memorial A"]
[Site "Rakovnik"]
[Date "2012.08.08"]
[Round "6"]
[White "Misicko, Jan"]
[Black "Sibl, Vaclav"]
[Result "1-0"]
[WhiteElo "2045"]
[BlackElo "1961"]
[Annotator "Lev,Pavel"]
[PlyCount "65"]
[EventDate "2012.08.??"]
[EventType "swiss"]
[EventRounds "9"]
[EventCountry "CZE"]

1. c4 e5 2. g3 Nc6 3. Bg2 d6 4. e4 g6 5. Ne2 Bg7 6. O-O Nf6 7. h3 O-O 8. Nbc3
Be6 9. d3 Ne8 10. Rb1 f5 11. Nd5 Qd7 12. Kh2 h6 13. f4 Kh7 14. b4 Rb8 15. b5
Nd8 16. Be3 b6 17. exf5 gxf5 18. Qa4 a5 19. fxe5 dxe5 20. d4 Nf6 21. dxe5 Nxd5
22. cxd5 Bg8 23. e6 Qe7 24. Nd4 Bxd4 25. Bxd4 Nb7 26. Bb2 Nd6 27. Rf4 Rbe8 28.
Rc1 Rc8 29. Rh4 Qg5 30. Qd4 Ne8 31. Qh8+ Kg6 32. e7 Qxe7 33. Qf6+ 1-0

[Event "Jiraskuv memorial A"]
[Site "Rakovnik"]
[Date "2012.08.08"]
[Round "6"]
[White "Hansch, Torsten"]
[Black "Hadzala, Daniel"]
[Result "0-1"]
[WhiteElo "2080"]
[BlackElo "2127"]
[Annotator "Lev,Pavel"]
[PlyCount "52"]
[EventDate "2012.08.??"]
[EventType "swiss"]
[EventRounds "9"]
[EventCountry "CZE"]

1. d4 Nf6 2. c4 c5 3. d5 e5 4. Nc3 d6 5. g3 Be7 6. Bg2 Nbd7 7. e4 Nf8 8. h3 h5
9. Be3 h4 10. g4 Ng6 11. Nge2 Nh7 12. Qd2 Bg5 13. O-O-O Bd7 14. Kb1 a6 15. a4
Rb8 16. Rc1 Bxe3 17. fxe3 b5 18. cxb5 axb5 19. Nxb5 Bxb5 20. axb5 Rxb5 21. Nc3
Rb4 22. Bf1 Qb6 23. Rc2 O-O 24. Kc1 Ra8 25. Kd1 Ra1+ 26. Rc1 Rxb2 0-1

[Event "Jiraskuv memorial A"]
[Site "Rakovnik"]
[Date "2012.08.08"]
[Round "6"]
[White "Novak, Jindrich"]
[Black "Hansch, Stephan"]
[Result "0-1"]
[WhiteElo "2041"]
[BlackElo "1920"]
[Annotator "Lev,Pavel"]
[PlyCount "66"]
[EventDate "2012.08.??"]
[EventType "swiss"]
[EventRounds "9"]
[EventCountry "CZE"]

1. e4 c5 2. b3 Nc6 3. Bb2 d6 4. f4 e6 5. Nf3 Nge7 6. d3 d5 7. Nc3 d4 8. Ne2 g6
9. g4 Bg7 10. Bg2 O-O 11. Ng3 f5 12. gxf5 exf5 13. e5 Nd5 14. Bc1 Bh6 15. Ne2
Be6 16. O-O Rc8 17. Bd2 Rc7 18. h4 Nce7 19. Kf2 Ne3 20. Bxe3 dxe3+ 21. Kg3 Bd5
22. Qc1 Bxf3 23. Bxf3 g5 24. hxg5 Bxg5 25. Qxe3 Bh4+ 26. Kh3 Ng6 27. Rg1 Rg7
28. Qxc5 Kh8 29. d4 Bf2 30. Rg5 Nxf4+ 31. Nxf4 Rxg5 32. Nh5 Rxh5+ 33. Bxh5 Rg8
0-1

[Event "Jiraskuv memorial A"]
[Site "Rakovnik"]
[Date "2012.08.08"]
[Round "6"]
[White "Rous, Daniel"]
[Black "Trnka, Miroslav"]
[Result "1/2-1/2"]
[WhiteElo "1981"]
[BlackElo "2012"]
[Annotator "Lev,Pavel"]
[PlyCount "103"]
[EventDate "2012.08.??"]
[EventType "swiss"]
[EventRounds "9"]
[EventCountry "CZE"]

1. Nf3 g6 2. d4 f5 3. g3 Nf6 4. Bg2 Bg7 5. O-O O-O 6. c4 d6 7. Nc3 Nc6 8. d5
Ne5 9. Nxe5 dxe5 10. e4 f4 11. gxf4 exf4 12. Bxf4 Nxe4 13. Nxe4 Rxf4 14. Qd2 e5
15. Rad1 Bf5 16. Qe2 Qh4 17. f3 Qe7 18. b3 Rd8 19. Qe3 b6 20. Nc3 Bc8 21. d6
Rxd6 22. Nd5 Qd8 23. Nxf4 Rxd1 24. Nd5 Rxf1+ 25. Kxf1 c6 26. Nc3 Qd4 27. Ke2
Qxe3+ 28. Kxe3 Kf7 29. Ne4 Ke7 30. Bf1 Bh6+ 31. Kf2 Bf4 32. Kg2 Bf5 33. Bd3 a5
34. Bc2 Kd8 35. Bb1 Kc7 36. Bd3 g5 37. Nf2 Be6 38. Bxh7 a4 39. Bd3 a3 40. Ne4
Bf5 41. Nf2 Bd7 42. Ne4 b5 43. Nc3 Kb6 44. cxb5 cxb5 45. h3 Be6 46. Nxb5 Bxb3
47. Nxa3 Bxa2 48. Nb5 Kc5 49. Nc3 Be6 50. Be4 Kd4 51. Ne2+ Ke3 52. Ng3 1/2-1/2

[Event "Jiraskuv memorial A"]
[Site "Rakovnik"]
[Date "2012.08.08"]
[Round "6"]
[White "Simecek, Bohumil"]
[Black "Cap, Adam"]
[Result "1-0"]
[WhiteElo "2111"]
[BlackElo "2074"]
[Annotator "Lev,Pavel"]
[PlyCount "75"]
[EventDate "2012.08.??"]
[EventType "swiss"]
[EventRounds "9"]
[EventCountry "CZE"]

1. d4 Nf6 2. c4 g6 3. Nc3 Bg7 4. e4 d6 5. f3 O-O 6. Be3 e5 7. d5 Nh5 8. Qd2
Qh4+ 9. Bf2 Qe7 10. O-O-O f5 11. Be3 f4 12. Bf2 Na6 13. Nge2 Nc5 14. b4 Nd7 15.
Kb2 Nb6 16. Nc1 Bd7 17. Nb3 Na4+ 18. Nxa4 Bxa4 19. Rc1 Bf6 20. c5 Bh4 21. Bg1
Qd7 22. Na5 b6 23. c6 Qe7 24. Nb7 a6 25. Bc4 Ra7 26. Rc3 Rfa8 27. Ra3 Bb5 28.
Bxb5 axb5 29. Rxa7 Rxa7 30. Qe2 Qg5 31. Bxb6 cxb6 32. c7 Ra8 33. Rc1 Qe7 34.
c8=Q+ Rxc8 35. Rxc8+ Kf7 36. Qc2 Nf6 37. Rc7 Nd7 38. Qc6 1-0